Science funding : the European dimension ; a discussion meeting held at the Royal Society Tuesday 17 March 1998.

Bibliographic Details
Corporate Author: Royal Society
Format: Book
Language:English
Published: London : The Royal Society, 1998.
Series:Science in society (Royal Society (Great Britain)) ; 2.
Subjects:

MARC

Tag First Indicator Second Indicator Subfields
LEADER 00000cam a2200000 a 4500
001 in00001482421
005 20151021063319.0
008 990122s1998 enkab 100 0 eng d
015 |a GB99-10196 
020 |a 0854035192 
035 |a (OCoLC)40683930 
035 |9 AJG3762AM 
040 |a UKM  |c UKM  |d TXA  |d UtOrBLW 
049 |a TXAM 
082 0 0 |a 500.0794  |2 21 
090 |a Q180.E9  |b S25 1998 
245 0 0 |a Science funding :  |b the European dimension ; a discussion meeting held at the Royal Society Tuesday 17 March 1998. 
264 1 |a London :  |b The Royal Society,  |c 1998. 
300 |a 101 pages :  |b illustrations, maps ;  |c 21 cm. 
336 |a text  |b txt  |2 rdacontent 
337 |a unmediated  |b n  |2 rdamedia 
338 |a volume  |b nc  |2 rdacarrier 
490 1 |a Science in society ;  |v 2 
650 0 |a Research  |z Europe  |x Finance  |x Congresses. 
650 0 |a Science and state  |z Europe. 
710 2 |a Royal Society. 
830 0 |a Science in society (Royal Society (Great Britain)) ;  |v 2. 
948 |a C:BLW  |d 20041015 
999 |a MARS 
999 f f |s be797e3c-15cd-3e41-ae05-959ee562057d  |i bff9c2b1-7f74-3351-b45f-99c0a48283bb  |t 0 
952 f f |p ric  |a Texas A&M University  |b Rellis Campus  |c Joint Library Facility  |d Remote Storage  |t 0  |e Q180.E9 S25 1998  |h Library of Congress classification  |i unmediated -- volume  |m A14825246563 
998 f f |a Q180.E9 S25 1998  |t 0  |l Remote Storage